Statistics for Tove Lo - 2 Die 4 (Lyrics)

Click here to take the quiz!

General Stats

  • This quiz has been taken 21 times
  • The average score is 299 of 322

Answer Stats

Answer% Correct
about
100%
day
100%
die
100%
Let's
100%
do
100%
don't
100%
every
100%
for
100%
I
100%
it
100%
let
100%
Let's
100%
like
100%
Look
100%
look
100%
me
100%
me,
100%
the
100%
think
100%
to
100%
When
100%
world
100%
you,
100%
You
100%
you
100%
your
100%
You're
100%
again
92%
alive
92%
And
92%
and
92%
at
92%
be
92%
come
92%
go
92%
in
92%
know
92%
over
92%
photo
92%
prettier
92%
than
92%
that
92%
with
92%
won't
92%
all
85%
believe
85%
believe,
85%
blue
85%
call
85%
'Cause
85%
dance
85%
rain
85%
down
85%
here
85%
hope
85%
I'll
85%
making
85%
Man,
85%
out
85%
rain
85%
said
85%
so
85%
wish
85%
Would've
85%
adventures
77%
better
77%
But
77%
Drag
77%
effort
77%
find
77%
headlights
77%
If
77%
kinda
77%
less
77%
midnight
77%
more
77%
on
77%
put
77%
wanna
77%
yourself
77%
been
69%
I've
69%
felt
69%
I've
69%
many
69%
never
69%
Now
69%
places
69%
this
69%

Score Distribution

Percentile by Number Answered

Percent of People with Each Score

Your Score History

You have not taken this quiz